000 00789nam a2200265 4500
001 953
005 20160625165637.0
021 _aPT
_b211595/04
035 _aANCRS_161.iso/07-09-2009/2493
035 _a0002556
090 _a953
100 _a20070925g2004 c y0pory5003 ba
105 _aa z 001yy
106 _ar
200 1 _aEra uma vez o corpo humano 3
_eˆA ‰respiração
_fed.lit. Alexandra P. Dias, Antonieta Miranda
210 _aLisboa
_cPlaneta-Agostini
_dcop.1991
215 _a27, [2] p.
_d27 cm
225 2 _aEra uma vez o corpo humano
_v3
600 _aed.lit. Alexandra P. Dias, Antonieta Miranda
601 _aPlaneta-Agostini
675 _a087.5
_vBN
_zpor
701 1 _aDias
_bAlexandra P.
_4340
701 1 _aMiranda
_bAntonieta
_4340
801 0 _aPT
_bANCRS
_gRPC
942 _cBK